Emlékek a szabadságharcról Részletek Osztróvszky 1908-as visszaemlékező leveléből

Elmentve itt :
Bibliográfiai részletek
Dokumentumtípus: Cikk
Megjelent: 1993-03-13
Sorozat:Délmagyarország 83 No. 61
Kulcsszavak:Osztrovszky József, történettudomány
Online Access:http://dmarchiv.bibl.u-szeged.hu/98149
LEADER 00489nab a2200145 i 4500
001 delm98149
005 20191008104247.0
008 191008s1993 hu o 0|| hun d
040 |a SZTE Délmagyarország Archívum  |b hun 
041 |a hun 
245 0 0 |a Emlékek a szabadságharcról   |h [elektronikus dokumentum] :  |b Részletek Osztróvszky 1908-as visszaemlékező leveléből 
260 |c 1993-03-13 
300 |a 9 
490 0 |a Délmagyarország  |v 83 No. 61 
695 |a Osztrovszky József, történettudomány